[Event "XIX Open Ricciardi"]
[Site "Gallarate ITA"]
[Date "2015.05.19"]
[Round "1"]
[White "Alessandro, Sergio"]
[Black "Viale, Daniele"]
[WhiteElo "1666"]
[BlackElo "1878"]
[Result "1-0"]
[PlyCount "89"]
[EventDate "2015.05.19"]

1. b4 d5 2. Bb2 Nf6 3. e3 Bf5 4. Nf3 Nbd7 5. a3 e6 6. Be2 Rc8 7. c4 c5 8. b5
dxc4 9. Bxc4 Nb6 10. Be2 Bd6 11. Nh4 Bg6 12. Nxg6 hxg6 13. h3 e5 14. O-O g5 15.
d4 Qe7 16. dxe5 Bxe5 17. Bxe5 Qxe5 18. Nd2 Rd8 19. Nf3 Qe7 20. Qc2 g4 21. Ng5
gxh3 22. Nxh3 Qe5 23. Rac1 c4 24. Qc3 Qxb5 25. Bxc4 Nxc4 26. Qxc4 Qxc4 27. Rxc4
Ke7 28. a4 Rd7 29. Nf4 Rhd8 30. Ne2 Kf8 31. Nd4 Ne8 32. Rfc1 g6 33. Rc8 a6 34.
Rxd8 Rxd8 35. Rb1 Rd7 36. Nb3 Rc7 37. Na5 Nd6 38. Rb6 Ke7 39. f3 Kd7 40. e4
Rc1+ 41. Kh2 Kc7 42. Rb2 f6 43. Nb3 Nc4 44. Ra2 Ne3 45. Nxc1 1-0

[Event "XIX Open Ricciardi"]
[Site "Gallarate ITA"]
[Date "2015.05.20"]
[Round "1"]
[White "Aspesi, Davide"]
[Black "Trabucco, Ennio"]
[WhiteElo "1817"]
[BlackElo "1540"]
[Result "1-0"]
[PlyCount "111"]
[EventDate "2015.05.19"]

1. c4 e5 2. Nc3 Nf6 3. Nf3 Nc6 4. e3 d6 5. h3 Be7 6. Be2 h6 7. d4 e4 8. Nd2 Bf5
9. a3 O-O 10. Nf1 d5 11. Ng3 Be6 12. cxd5 Bxd5 13. Nxd5 Qxd5 14. Bd2 Bd6 15.
O-O Qg5 16. Qe1 Bxg3 17. fxg3 Ne7 18. Rc1 c6 19. Rc5 Ned5 20. Qf2 Qg6 21. Bd1
Rad8 22. Bb3 Rd6 23. Kh2 Nd7 24. Rcc1 Rf6 25. Qe2 Re8 26. Rxf6 N7xf6 27. Rf1
Re6 28. g4 Nh7 29. Bxd5 cxd5 30. Qb5 Nf6 31. Qxb7 Rb6 32. Qc8+ Kh7 33. b4 h5
34. gxh5 Nxh5 35. Qf5 Nf6 36. Qxg6+ Kxg6 37. Rc1 a6 38. a4 Ne8 39. Rc5 Nf6 40.
a5 Rd6 41. Be1 Nd7 42. Rc7 Nf6 43. Bg3 Re6 44. Rc5 Kf5 45. Bf4 g5 46. g4+ Kg6
47. Be5 Nd7 48. Rxd5 Nxe5 49. dxe5 f5 50. gxf5+ Kxf5 51. Kg3 Rc6 52. e6+ Kxe6
53. Rxg5 Kf6 54. Kf4 Rc4 55. Rf5+ Kg6 56. b5 1-0

[Event "XIX Open Ricciardi"]
[Site "Gallarate ITA"]
[Date "2015.05.19"]
[Round "1"]
[White "Brioschi, Camillo"]
[Black "Belli, Alessandro"]
[WhiteElo "1790"]
[BlackElo "1511"]
[Result "1-0"]
[PlyCount "79"]
[EventDate "2015.05.19"]

1. d4 d5 2. c4 e6 3. Nc3 Nf6 4. cxd5 exd5 5. Bg5 Be7 6. e3 O-O 7. Bd3 h6 8. Bh4
c6 9. Qc2 Nbd7 10. Nf3 a6 11. O-O Bd6 12. Rab1 Qc7 13. b4 b5 14. e4 dxe4 15.
Nxe4 Nxe4 16. Bxe4 Nf6 17. Bxf6 gxf6 18. Qxc6 Qxc6 19. Bxc6 Ra7 20. a3 Bb7 21.
Bxb7 Rxb7 22. Rbc1 Rc7 23. Rxc7 Bxc7 24. Rc1 Rc8 25. g3 Kg7 26. d5 Rd8 27. Rxc7
Rxd5 28. Rc6 Rd1+ 29. Kg2 a5 30. bxa5 Rd3 31. Rc5 Rxa3 32. Rxb5 Kf8 33. Nh4 Ke8
34. Nf5 h5 35. Ng7+ Kd7 36. Nxh5 Ke6 37. Nf4+ Kd6 38. Rb6+ Kc5 39. Rxf6 Rxa5
40. Rf5+ 1-0

[Event "XIX Open Ricciardi"]
[Site "Gallarate ITA"]
[Date "2015.05.19"]
[Round "1"]
[White "Caccia, Andrea"]
[Black "Vada, Riccardo"]
[WhiteElo "1466"]
[BlackElo "1797"]
[Result "0-1"]
[PlyCount "96"]
[EventDate "2015.05.19"]

1. e4 e6 2. Nc3 c5 3. Bc4 Nc6 4. Nf3 Nf6 5. d4 cxd4 6. Nxd4 a6 7. a3 Nxd4 8.
Qxd4 b5 9. Ba2 Qc7 10. e5 Bc5 11. Qf4 Ng8 12. Ne4 Be7 13. c3 Bb7 14. f3 Bxe4
15. Qxe4 Rc8 16. Bd2 d5 17. exd6 Bxd6 18. Qc2 Bxh2 19. O-O-O Nf6 20. g4 h6 21.
Kb1 Bf4 22. Be1 O-O 23. Rh3 Rfd8 24. Bd2 Bxd2 25. Rxd2 Rxd2 26. Qxd2 Rd8 27.
Qc2 Qe5 28. Rh1 Nd5 29. Bxd5 Qxd5 30. Kc1 Qxf3 31. Rd1 Qxd1+ 32. Qxd1 Rxd1+ 33.
Kxd1 Kf8 34. Ke2 Ke7 35. Ke3 Kd6 36. Kd3 Kd5 37. b3 g6 38. c4+ bxc4+ 39. bxc4+
Kc5 40. Kc3 h5 41. gxh5 gxh5 42. a4 h4 43. a5 h3 44. Kb3 h2 45. Kc3 h1=Q 46.
Kb3 Qb1+ 47. Ka3 Kxc4 48. Ka4 Qa2# 0-1

[Event "XIX Open Ricciardi"]
[Site "Gallarate ITA"]
[Date "2015.05.19"]
[Round "1"]
[White "Cova, Ennio"]
[Black "Picierro, Giuliano"]
[WhiteElo "1622"]
[BlackElo "1854"]
[Result "0-1"]
[PlyCount "102"]
[EventDate "2015.05.19"]

1. e4 e6 2. d4 d5 3. Nc3 dxe4 4. Nxe4 Nf6 5. Bg5 Be7 6. Bxf6 Bxf6 7. Nf3 Nd7 8.
Bd3 Qe7 9. O-O b6 10. Re1 Bb7 11. c4 c6 12. Qb3 O-O 13. c5 Qd8 14. Rad1 Qc7 15.
Qc2 Be7 16. Neg5 g6 17. b4 Qf4 18. Re4 Qc7 19. Rxe6 Bxg5 20. Nxg5 Qf4 21. Rd6
Qxg5 22. Rxd7 Bc8 23. Rd6 Be6 24. Be4 Rfc8 25. Rxc6 Rxc6 26. Bxc6 Rd8 27. cxb6
axb6 28. Bf3 Rc8 29. Qb2 Qf6 30. Qd2 Bf5 31. Qf4 Qe7 32. d5 Qd7 33. Rc1 Re8 34.
h3 Qa4 35. Qd2 Qa3 36. d6 Bxh3 37. Bc6 Rd8 38. gxh3 Rxd6 39. Qc3 Rd1+ 40. Rxd1
Qxc3 41. b5 Qxh3 42. Rd8+ Kg7 43. Ra8 Qg4+ 44. Kh2 h5 45. Ra7 Qf4+ 46. Kg1 Qe5
47. a4 h4 48. a5 bxa5 49. b6 Qe1+ 50. Kg2 h3+ 51. Kxh3 Qc3+ 0-1

[Event "XIX Open Ricciardi"]
[Site "Gallarate ITA"]
[Date "2015.05.19"]
[Round "1"]
[White "Garcia Rubi, Juan"]
[Black "Colusso, Ermes"]
[WhiteElo "1422"]
[BlackElo "1752"]
[Result "1/2-1/2"]
[PlyCount "112"]
[EventDate "2015.05.19"]

1. e4 c5 2. Nf3 d6 3. d4 cxd4 4. Nxd4 Nf6 5. Nc3 g6 6. Bc4 Bg7 7. O-O O-O 8.
Be3 Bd7 9. h3 Nc6 10. Nxc6 bxc6 11. f4 Qc7 12. Qd2 Rab8 13. Bb3 a5 14. a4 Rb4
15. Qd3 Nxe4 16. Nxe4 Bf5 17. Qd1 Bxe4 18. c3 Rbb8 19. Bc2 Bd5 20. Rb1 Rb7 21.
Qd2 Rfb8 22. b4 axb4 23. cxb4 Bc4 24. Rfe1 Bf6 25. Be4 d5 26. Bf3 e5 27. fxe5
Bxe5 28. Bc5 f6 29. Be2 Bxe2 30. Rxe2 Kg7 31. Rbe1 Re8 32. a5 Rb5 33. Kf1 Qb8
34. g4 g5 35. Qd3 Qc8 36. Bd6 d4 37. Bc5 Qd7 38. Re4 Qd5 39. Ra1 Ra8 40. Kf2
Rxc5 41. bxc5 Qxc5 42. a6 Qb6 43. Re2 c5 44. Ra4 h6 45. Rea2 Ra7 46. Qc4 d3 47.
Ke3 Bd4+ 48. Kxd3 Qb1+ 49. Qc2 Qf1+ 50. Qe2 Qxh3+ 51. Kd2 Qc3+ 52. Kd1 Qb3+ 53.
Qc2 Qf3+ 54. Qe2 Qb3+ 55. Qc2 Qf3+ 56. Qe2 Qb3+ 1/2-1/2

[Event "XIX Open Ricciardi"]
[Site "Gallarate ITA"]
[Date "2015.05.19"]
[Round "1"]
[White "Musso, Roberto"]
[Black "Mazzarone, Maurizio"]
[WhiteElo "1729"]
[BlackElo "1935"]
[Result "1-0"]
[PlyCount "75"]
[EventDate "2015.05.19"]

1. e4 e6 2. d4 d5 3. Nd2 Nf6 4. e5 Nfd7 5. Bd3 c5 6. c3 Nc6 7. Ne2 Qb6 8. Nf3
cxd4 9. cxd4 Be7 10. a3 f6 11. exf6 Nxf6 12. Qc2 O-O 13. Be3 Bd7 14. Ne5 Qc7
15. O-O Rac8 16. Rac1 Bd6 17. Nxd7 Qxd7 18. Qb1 h6 19. h3 Ne7 20. Nf4 Nf5 21.
Nxe6 Nxe3 22. Nxf8 Rxf8 23. fxe3 Bb8 24. Rf3 Qd6 25. g3 Re8 26. Bg6 Rd8 27. Qf5
a6 28. Rc8 Bc7 29. Rxd8+ Qxd8 30. Qe6+ Kh8 31. Bf5 Bd6 32. Qc8 Bc7 33. Qxb7 Nh5
34. Qc8 Qxc8 35. Bxc8 Nxg3 36. Bxa6 g5 37. Bd3 Kg7 38. b4 1-0

[Event "XIX Open Ricciardi"]
[Site "Gallarate ITA"]
[Date "2015.05.19"]
[Round "1"]
[White "Novi', Giuseppe"]
[Black "Milu, Tatiana"]
[WhiteElo "1872"]
[BlackElo "1629"]
[Result "1-0"]
[PlyCount "97"]
[EventDate "2015.05.19"]

1. e4 d6 2. d4 Nf6 3. Nd2 g6 4. Ngf3 Bg7 5. h3 O-O 6. Bd3 Nc6 7. c3 b6 8. O-O
Bb7 9. Re1 e5 10. d5 Ne7 11. Nf1 Nh5 12. c4 Bc8 13. g4 Nf4 14. Bxf4 exf4 15.
Qd2 Bh6 16. Kh2 Bd7 17. g5 Bg7 18. Qxf4 Bxb2 19. Rab1 Bc3 20. Re3 Qc8 21. Qh4
Bg7 22. e5 dxe5 23. Nxe5 Bf5 24. Ng4 Bxd3 25. Rxe7 Qf5 26. Ng3 Qf3 27. Re3 Qxe3
28. fxe3 Bxb1 29. Nf6+ Bxf6 30. gxf6 h5 31. Qg5 Kh7 32. e4 Bxe4 33. Nxe4 Rfe8
34. Qf4 Rad8 35. Ng5+ Kg8 36. Ne6 Rd7 37. Nxc7 Re2+ 38. Kg3 Kh7 39. d6 Rxa2 40.
Nd5 Ra3+ 41. Kh4 Rd3 42. Qe4 Rd1 43. Qe8 Rd4+ 44. Kg3 h4+ 45. Kg2 Rxd6 46.
Qxf7+ Kh6 47. Qf8+ Kg5 48. Qxd6 Rxc4 49. f7 1-0

[Event "XIX Open Ricciardi"]
[Site "Gallarate ITA"]
[Date "2015.05.19"]
[Round "1"]
[White "Pogliano, Stefano"]
[Black "Cunati, Valerio"]
[WhiteElo "1898"]
[BlackElo "1699"]
[Result "1-0"]
[PlyCount "61"]
[EventDate "2015.05.19"]

1. e4 c5 2. Nf3 d6 3. d4 cxd4 4. Nxd4 Nf6 5. Bd3 e5 6. Ne2 Nc6 7. c3 Be7 8. O-O
Bg4 9. Be3 O-O 10. f3 Be6 11. c4 Nb4 12. Nbc3 Nxd3 13. Qxd3 Qc7 14. b3 Bd7 15.
Rac1 a6 16. Rfd1 Rac8 17. Ng3 Rfd8 18. Qe2 h5 19. Nxh5 Bc6 20. Ng3 Bf8 21. Qf2
g6 22. Bb6 Qe7 23. Bxd8 Qxd8 24. Rd3 Be7 25. Qd2 Qf8 26. Nd5 Nxd5 27. cxd5 Bd7
28. Rdc3 Rd8 29. Rc7 Bc8 30. Qc3 Bg5 31. Rxc8 1-0

[Event "XIX Open Ricciardi"]
[Site "Gallarate ITA"]
[Date "2015.05.26"]
[Round "2"]
[White "Alessandro, Sergio"]
[Black "Brioschi, Camillo"]
[WhiteElo "1666"]
[BlackElo "1790"]
[Result "0-1"]
[PlyCount "126"]
[EventDate "2015.05.19"]

1. b4 d5 2. Bb2 Bf5 3. Nf3 Nd7 4. e3 e6 5. a3 Ngf6 6. Nh4 Bg6 7. Nxg6 hxg6 8.
Be2 Bd6 9. h3 c6 10. d3 e5 11. Nd2 Qe7 12. c4 O-O 13. O-O Rfe8 14. e4 Rad8 15.
Rc1 dxe4 16. dxe4 Nf8 17. Qc2 Ne6 18. c5 Bc7 19. Nf3 Nd4 20. Nxd4 exd4 21. f3
Qe5 22. f4 Qxe4 23. Qxe4 Rxe4 24. Bd3 Rxf4 25. Rfe1 Nd5 26. Rcd1 Kf8 27. Bc1
Ne3 28. Bxe3 dxe3 29. Rxe3 Rfd4 30. Kf1 Bf4 31. Rf3 g5 32. g3 Bc7 33. Re3 a5
34. bxa5 Bxa5 35. Ke2 Re8 36. Rb1 Rxe3+ 37. Kxe3 Rd7 38. Bc4 Bc3 39. Ke2 Bd4
40. a4 Bxc5 41. a5 g6 42. Bd3 Kg7 43. Rb3 Re7+ 44. Kd2 Bf2 45. Kc2 Bxg3 46. Ba6
bxa6 47. Rxg3 Re5 48. Ra3 f5 49. Kd3 Kf6 50. Kd4 f4 51. Rc3 c5+ 52. Kc4 Kf5 53.
Rc1 g4 54. hxg4+ Kxg4 55. Rg1+ Kf5 56. Rb1 f3 57. Kd3 g5 58. Rb8 Kf4 59. Kd2
Kg3 60. Rb3 Kg2 61. Rb6 f2 62. Rxa6 f1=Q 63. Ra7 Qf3 0-1

[Event "XIX Open Ricciardi"]
[Site "Gallarate ITA"]
[Date "2015.05.26"]
[Round "2"]
[White "Belli, Alessandro"]
[Black "Cova, Ennio"]
[WhiteElo "1511"]
[BlackElo "1622"]
[Result "0-1"]
[PlyCount "56"]
[EventDate "2015.05.19"]

1. e4 e5 2. Nf3 Nc6 3. Bc4 Nf6 4. d3 Bc5 5. h3 d6 6. O-O O-O 7. Bg5 Be6 8. Bb3
a5 9. Nc3 Nd4 10. Nxd4 Bxd4 11. Qd2 c6 12. Rab1 b5 13. Ne2 Bb6 14. Kh1 a4 15.
Bxe6 fxe6 16. f4 exf4 17. Rxf4 h6 18. Bxf6 Rxf6 19. Rbf1 Rxf4 20. Rxf4 Qg5 21.
Ng1 e5 22. Nf3 Qxf4 23. Qxf4 exf4 24. Nh4 d5 25. e5 Bd4 26. c3 Bxe5 27. Nf3 Bf6
28. Kg1 a3 0-1

[Event "XIX Open Ricciardi"]
[Site "Gallarate ITA"]
[Date "2015.05.26"]
[Round "2"]
[White "Colusso, Ermes"]
[Black "Mazzarone, Maurizio"]
[WhiteElo "1752"]
[BlackElo "1935"]
[Result "0-1"]
[PlyCount "43"]
[EventDate "2015.05.19"]

1. e4 e6 2. d4 d5 3. Nc3 Bb4 4. e5 c5 5. Qg4 Ne7 6. a3 cxd4 7. axb4 dxc3 8.
bxc3 Qc7 9. Qg3 Nf5 10. Bb5+ Bd7 11. Qd3 Qxe5+ 12. Ne2 Nc6 13. Bf4 Qf6 14. O-O
O-O 15. Ba4 a6 16. Rfe1 Rac8 17. g4 Nfe7 18. g5 Qf5 19. Qg3 e5 20. Bxe5 Qxe5
21. Qxe5 Nxe5 22. Nf4 0-1

[Event "XIX Open Ricciardi"]
[Site "Gallarate ITA"]
[Date "2015.05.26"]
[Round "2"]
[White "Milu, Tatiana"]
[Black "Caccia, Andrea"]
[WhiteElo "1629"]
[BlackElo "1466"]
[Result "1-0"]
[PlyCount "108"]
[EventDate "2015.05.19"]

1. d4 Nf6 2. c3 d5 3. f4 c6 4. Nf3 Bf5 5. e3 h6 6. Bd3 Ne4 7. O-O e6 8. Qc2 Bh7
9. Nbd2 f5 10. Ne5 Be7 11. Ndf3 Nd7 12. Nxd7 Qxd7 13. Ne5 Qd8 14. Qe2 g6 15. c4
a6 16. c5 h5 17. Bd2 a5 18. a3 O-O 19. Be1 Bf6 20. Bxe4 Bxe5 21. fxe5 dxe4 22.
Qc4 Kf7 23. Qb3 Rb8 24. Qa4 Ra8 25. Qc4 g5 26. h3 h4 27. Qb3 Rb8 28. Qa4 Ra8
29. Rc1 Ke7 30. Qb3 Rb8 31. Qc3 Ra8 32. b4 a4 33. Qc4 Qd7 34. Rb1 Rh8 35. Rb2
Bg6 36. Rbf2 Rhf8 37. b5 Rfd8 38. bxc6 bxc6 39. Rb2 Bf7 40. Rb6 Qe8 41. Rb4 Kf8
42. Rxa4 Rxa4 43. Qxa4 Rc8 44. Qc4 Qd7 45. a4 Be8 46. a5 f4 47. exf4 Qd5 48.
Qxd5 exd5 49. fxg5+ Kg7 50. Bxh4 Bg6 51. Bf2 Kf7 52. a6 Ke6 53. g4 Kd7 54. h4
Rf8 1-0

[Event "XIX Open Ricciardi"]
[Site "Gallarate ITA"]
[Date "2015.05.26"]
[Round "2"]
[White "Musso, Roberto"]
[Black "Aspesi, Davide"]
[WhiteElo "1729"]
[BlackElo "1817"]
[Result "0-1"]
[PlyCount "44"]
[EventDate "2015.05.19"]

1. e4 c5 2. Nf3 Nc6 3. d3 Nf6 4. c3 e5 5. Be2 h6 6. O-O Be7 7. Be3 d6 8. h3 O-O
9. Nbd2 a6 10. Nh2 Nh7 11. f4 f5 12. fxe5 Nxe5 13. d4 Ng6 14. exf5 Bxf5 15.
Qb3+ Kh8 16. g4 Bg5 17. Bxg5 Qxg5 18. Nhf3 Qe3+ 19. Rf2 Nf4 20. Kf1 Nxh3 21.
Rg2 Bxg4 22. Rxg4 Qf2# 0-1

[Event "XIX Open Ricciardi"]
[Site "Gallarate ITA"]
[Date "2015.05.26"]
[Round "2"]
[White "Picierro, Giuliano"]
[Black "Novi', Giuseppe"]
[WhiteElo "1854"]
[BlackElo "1872"]
[Result "1/2-1/2"]
[PlyCount "64"]
[EventDate "2015.05.19"]

1. e4 c6 2. Nf3 d5 3. Nc3 dxe4 4. Nxe4 Nf6 5. Ng3 Nbd7 6. Bc4 e6 7. Qe2 h6 8.
d4 Bd6 9. c3 O-O 10. Be3 Qc7 11. Qd2 Ng4 12. O-O-O Nxe3 13. fxe3 b5 14. Bd3 a5
15. Ne4 Be7 16. g4 f5 17. gxf5 exf5 18. Ng3 Nb6 19. Rhg1 Bd6 20. Qc2 Nd5 21.
Rde1 Qf7 22. Kb1 a4 23. Nh4 f4 24. Bh7+ Kh8 25. exf4 Bxf4 26. Rgf1 g5 27. Ng6+
Kxh7 28. Nxf4+ Bf5 29. Nxf5 Qxf5 30. Nxd5 Qxc2+ 31. Kxc2 cxd5 32. Rxf8 Rxf8
1/2-1/2

[Event "XIX Open Ricciardi"]
[Site "Gallarate ITA"]
[Date "2015.05.26"]
[Round "2"]
[White "Trabucco, Ennio"]
[Black "Cunati, Valerio"]
[WhiteElo "1540"]
[BlackElo "1699"]
[Result "0-1"]
[PlyCount "98"]
[EventDate "2015.05.19"]

1. d4 Nf6 2. c4 c6 3. Nc3 d5 4. e3 g6 5. Nf3 Bg7 6. h3 O-O 7. cxd5 cxd5 8. Bd3
Nc6 9. O-O Nb4 10. Bb1 Bd7 11. a3 Nc6 12. Bd2 Qb6 13. b4 Rac8 14. Bd3 Rfe8 15.
Na4 Qc7 16. Rc1 a6 17. Nc5 Qb8 18. a4 e6 19. Qb3 Ne7 20. Ne5 Red8 21. Ncxd7
Nxd7 22. Nxd7 Rxd7 23. b5 axb5 24. Rxc8+ Qxc8 25. Bxb5 Rc7 26. Bb4 Nc6 27. Rc1
Nxb4 28. Rxc7 Qxc7 29. Qxb4 Qc1+ 30. Bf1 Qc7 31. Qc5 Qxc5 32. dxc5 Bf8 33. Bb5
Bxc5 34. Kf1 b6 35. Ke2 Kg7 36. Kd3 h5 37. f3 h4 38. Bd7 e5 39. Bc6 d4 40. e4
f5 41. Bd7 Kf6 42. Bc8 Kg5 43. exf5 gxf5 44. Be6 Kf4 45. Ke2 e4 46. fxe4 fxe4
47. Bd5 d3+ 48. Kf1 e3 49. Ke1 Bb4+ 0-1

[Event "XIX Open Ricciardi"]
[Site "Gallarate ITA"]
[Date "2015.05.26"]
[Round "2"]
[White "Vada, Riccardo"]
[Black "Pogliano, Stefano"]
[WhiteElo "1797"]
[BlackElo "1898"]
[Result "1-0"]
[PlyCount "79"]
[EventDate "2015.05.19"]

1. e4 c5 2. Nf3 Nc6 3. c3 d5 4. e5 d4 5. b4 cxb4 6. cxd4 Nxd4 7. Bb2 Nc6 8. d4
e6 9. Bd3 Nge7 10. O-O Nd5 11. Nbd2 Bd7 12. Ne4 h6 13. Nfd2 Nb6 14. Re1 Be7 15.
Qg4 g5 16. Qh5 Qc7 17. Nd6+ Bxd6 18. exd6 Qxd6 19. Ne4 Qf8 20. d5 Nxd5 21. Bxh8
Qxh8 22. Nd6+ Ke7 23. Nf5+ Kd8 24. Nxh6 Kc7 25. Be4 Nf6 26. Qxg5 Nxe4 27. Qf4+
e5 28. Qxe4 Qxh6 29. Rac1 f6 30. Red1 Rh8 31. h3 Rg8 32. Qd5 Qg7 33. Rd3 Be6
34. Qd6+ Kb6 35. Qc5+ Kc7 36. Qd6+ Kb6 37. Qc5+ Ka6 38. g3 f5 39. a4 b6 40.
Qb5+ 1-0

[Event "XIX Open Ricciardi"]
[Site "Gallarate ITA"]
[Date "2015.05.26"]
[Round "2"]
[White "Viale, Daniele"]
[Black "Garcia Rubi, Juan"]
[WhiteElo "1878"]
[BlackElo "1422"]
[Result "1-0"]
[PlyCount "134"]
[EventDate "2015.05.19"]

1. e4 c5 2. b4 cxb4 3. Nf3 d6 4. a3 a6 5. axb4 b5 6. c4 Bd7 7. cxb5 Qb6 8. Nc3
Qb7 9. Nd5 e6 10. bxa6 Rxa6 11. Rxa6 exd5 12. Ra5 dxe4 13. Ng5 d5 14. Qb3 Ne7
15. Bb2 f6 16. Nh3 Nbc6 17. Rb5 Qa7 18. Nf4 Nd4 19. Bxd4 Qxd4 20. Rb8+ Kf7 21.
Be2 Qe5 22. Rd8 Qc7 23. Nxd5 Qxd8 24. Nc7+ Kg6 25. Qg3+ Kf7 26. Bc4+ Nd5 27.
Bxd5+ Ke7 28. b5 Bxb5 29. Bxe4 Qd4 30. Nd5+ Kf7 31. Qc7+ Kg8 32. Nc3 Bc4 33.
Qc8 Kf7 34. Qxc4+ Qxc4 35. Bd5+ Qxd5 36. Nxd5 Bd6 37. O-O Re8 38. Ne3 g6 39. g3
Bb4 40. Rd1 Rd8 41. d3 Bc3 42. Kg2 Ke6 43. Kf3 f5 44. Ke2 g5 45. Rb1 Bd4 46.
Rb7 h6 47. Rc7 Kd6 48. Rh7 Re8 49. Rxh6+ Re6 50. Rh5 f4 51. gxf4 gxf4 52. Rd5+
Ke7 53. Rxd4 fxe3 54. fxe3 Re5 55. h4 Kf6 56. Rf4+ Kg6 57. d4 Rd5 58. Kd3 Ra5
59. Ke4 Ra4 60. Ke5 Ra5+ 61. d5 Kh5 62. e4 Rb5 63. Rf8 Kxh4 64. Rg8 Rc5 65. Kf4
Kh5 66. d6 Rc4 67. d7 Rd4 1-0

[Event "XIX Open Ricciardi"]
[Site "Gallarate ITA"]
[Date "2015.06.02"]
[Round "3"]
[White "Aspesi, Davide"]
[Black "Vada, Riccardo"]
[WhiteElo "1817"]
[BlackElo "1797"]
[Result "1/2-1/2"]
[PlyCount "75"]
[EventDate "2015.05.19"]

1. c4 e6 2. Nc3 d5 3. cxd5 exd5 4. d4 Nf6 5. Bg5 Be7 6. e3 O-O 7. Bd3 Be6 8.
Nge2 c6 9. O-O Qd7 10. Qc2 h6 11. Bh4 Na6 12. a3 Nc7 13. h3 Qd8 14. Rfd1 Re8
15. Bg3 Rc8 16. Kh1 Nb5 17. Nxb5 cxb5 18. Qb1 b4 19. a4 Bd7 20. b3 Bf8 21. Rc1
Nh5 22. Be5 Qg5 23. Ng1 Qe7 24. Rc2 Nf6 25. f3 Rxc2 26. Bxc2 Be6 27. Qd1 g6 28.
Qd2 Bg7 29. Rc1 Nh5 30. Bh2 Rc8 31. Bd1 Rc6 32. Be2 Qh4 33. Rxc6 bxc6 34. f4
Bf8 35. Nf3 Qf2 36. Bd1 Qxd2 37. Nxd2 c5 38. dxc5 1/2-1/2

[Event "XIX Open Ricciardi"]
[Site "Gallarate ITA"]
[Date "2015.06.02"]
[Round "3"]
[White "Brioschi, Camillo"]
[Black "Picierro, Giuliano"]
[WhiteElo "1790"]
[BlackElo "1854"]
[Result "1/2-1/2"]
[PlyCount "53"]
[EventDate "2015.05.19"]

1. d4 Nf6 2. c4 e6 3. Nc3 Bb4 4. e3 Bxc3+ 5. bxc3 Nc6 6. Bd3 d6 7. Ne2 e5 8. e4
Qe7 9. O-O O-O 10. Bg5 h6 11. Bh4 g5 12. Bg3 Nh5 13. f3 Nf4 14. Nxf4 gxf4 15.
Bf2 Qg5 16. Kh1 Kh8 17. Rg1 Rg8 18. d5 Nb8 19. Qe1 Na6 20. Bh4 Qg6 21. g3 Bh3
22. Bf1 Bxf1 23. Qxf1 Qh5 24. Bf6+ Kh7 25. g4 Qg6 26. Bh4 Nc5 27. Qe2 1/2-1/2

[Event "XIX Open Ricciardi"]
[Site "Gallarate ITA"]
[Date "2015.06.02"]
[Round "3"]
[White "Caccia, Andrea"]
[Black "Belli, Alessandro"]
[WhiteElo "1466"]
[BlackElo "1511"]
[Result "0-1"]
[PlyCount "60"]
[EventDate "2015.05.19"]

1. e4 e5 2. Nf3 Nc6 3. Bc4 Nf6 4. Nc3 Bc5 5. a3 d6 6. d3 h6 7. O-O Bg4 8. h3
Bxf3 9. Qxf3 Nd4 10. Qd1 Qd7 11. Be3 O-O-O 12. b4 Bb6 13. Nd5 Nxd5 14. Bxd5 f5
15. f3 f4 16. Bf2 c6 17. c3 Nb5 18. Bxb6 axb6 19. Bb3 Nxc3 20. Qc2 Nb5 21. a4
Nd4 22. Qa2 Kc7 23. Rac1 g5 24. Rc3 h5 25. Bd5 g4 26. Kf2 gxh3 27. gxh3 Qxh3
28. Ke1 Nxf3+ 29. Kd1 Qxf1+ 30. Kc2 Nd4+ 0-1

[Event "XIX Open Ricciardi"]
[Site "Gallarate ITA"]
[Date "2015.06.02"]
[Round "3"]
[White "Cova, Ennio"]
[Black "Colusso, Ermes"]
[WhiteElo "1622"]
[BlackElo "1752"]
[Result "1/2-1/2"]
[PlyCount "69"]
[EventDate "2015.05.19"]

1. e4 c5 2. c3 d5 3. exd5 Qxd5 4. d4 Nf6 5. Nf3 Nc6 6. Be2 c4 7. O-O e6 8. Nbd2
b5 9. a4 Bd6 10. axb5 Qxb5 11. Nxc4 Qb8 12. Nxd6+ Qxd6 13. Re1 O-O 14. Bg5 Nd7
15. Bh4 Bb7 16. Qb3 Nb6 17. Bg3 Qd7 18. Bb5 Qd8 19. Red1 Ne7 20. Be2 Nf5 21.
Bf4 Qc8 22. c4 Rd8 23. g4 Bxf3 24. Bxf3 Nxd4 25. Qc3 Nxf3+ 26. Qxf3 Qxc4 27.
Rxd8+ Rxd8 28. Rxa7 Nd5 29. Bg5 f6 30. h3 Qd4 31. Be3 Nxe3 32. Qxe3 Qd1+ 33.
Kh2 Qd6+ 34. Kg1 h6 35. b4 1/2-1/2

[Event "XIX Open Ricciardi"]
[Site "Gallarate ITA"]
[Date "2015.06.03"]
[Round "3"]
[White "Cunati, Valerio"]
[Black "Musso, Roberto"]
[WhiteElo "1699"]
[BlackElo "1729"]
[Result "0-1"]
[PlyCount "66"]
[EventDate "2015.05.19"]

1. d4 Nf6 2. Nf3 g6 3. c4 Bg7 4. Nc3 O-O 5. e4 d6 6. Be2 Nc6 7. O-O e5 8. d5
Ne7 9. h3 Nd7 10. Bg5 f5 11. exf5 Rxf5 12. Bd3 Rf8 13. Ne4 Nf6 14. Qd2 Bf5 15.
Rfe1 Qd7 16. Bh6 Nxe4 17. Bxe4 Bxe4 18. Rxe4 Nf5 19. Bxg7 Nxg7 20. Rae1 Rf5 21.
Rh4 Qe7 22. Re2 Rxf3 23. Qh6 Nf5 24. Qc1 Nxh4 25. gxf3 Nxf3+ 26. Kf1 Qh4 27.
Re3 Rf8 28. c5 Nh2+ 29. Ke1 Qxf2+ 30. Kd1 Qf1+ 31. Re1 Qd3+ 32. Qd2 Qxd2+ 33.
Kxd2 Nf3+ 0-1

[Event "XIX Open Ricciardi"]
[Site "Gallarate ITA"]
[Date "2015.06.02"]
[Round "3"]
[White "Garcia Rubi, Juan"]
[Black "Trabucco, Ennio"]
[WhiteElo "1422"]
[BlackElo "1540"]
[Result "1-0"]
[PlyCount "87"]
[EventDate "2015.05.19"]

1. e4 e5 2. Nf3 Nc6 3. Bb5 d6 4. O-O Bd7 5. c3 Nf6 6. Re1 Be7 7. d4 O-O 8. h3
a6 9. Ba4 b5 10. Bc2 h6 11. Be3 exd4 12. cxd4 Nb4 13. Nc3 Nxc2 14. Qxc2 Rc8 15.
e5 Nh7 16. Nd5 Be6 17. Nxe7+ Qxe7 18. b4 Bd5 19. Bf4 Qd7 20. Qd2 Bxf3 21. gxf3
Qxh3 22. Bg3 Ng5 23. Re3 Qf5 24. f4 Ne4 25. Qe2 d5 26. Kg2 Rfe8 27. Rh1 Re6 28.
Rh5 Qh7 29. f5 Rc6 30. Qg4 Re8 31. Bf4 g5 32. Re2 Kf8 33. Be3 f6 34. f3 Nc3 35.
Rc2 Rc4 36. Bd2 Ne2 37. Rxc4 bxc4 38. Kf2 c3 39. Kxe2 cxd2 40. Kxd2 fxe5 41.
Qxg5 hxg5 42. Rxh7 Re7 43. Rxe7 Kxe7 44. dxe5 1-0

[Event "XIX Open Ricciardi"]
[Site "Gallarate ITA"]
[Date "2015.06.02"]
[Round "3"]
[White "Novi', Giuseppe"]
[Black "Viale, Daniele"]
[WhiteElo "1872"]
[BlackElo "1878"]
[Result "0-1"]
[PlyCount "52"]
[EventDate "2015.05.19"]

1. e4 e5 2. Nf3 Nc6 3. Bb5 f5 4. d3 d6 5. exf5 Bxf5 6. Nbd2 Nf6 7. a3 Be7 8.
O-O O-O 9. Re1 Kh8 10. Nf1 Bg4 11. c3 Nd5 12. N1d2 Nf4 13. h3 Bh5 14. Kh2 a6
15. Bxc6 bxc6 16. Ne4 Nxg2 17. Ned2 Nxe1 18. Qxe1 Bxf3 19. Nxf3 Rxf3 20. Be3
Qd7 21. Qf1 Raf8 22. Qg2 R3f6 23. d4 Rg6 24. Qe4 d5 25. Qd3 e4 26. Qxa6 Bd6+
0-1

[Event "XIX Open Ricciardi"]
[Site "Gallarate ITA"]
[Date "2015.06.02"]
[Round "3"]
[White "Pogliano, Stefano"]
[Black "Alessandro, Sergio"]
[WhiteElo "1898"]
[BlackElo "1666"]
[Result "1-0"]
[PlyCount "99"]
[EventDate "2015.05.19"]

1. e4 c5 2. Nf3 d6 3. d4 cxd4 4. Nxd4 Nf6 5. Bd3 a6 6. c4 Nbd7 7. Nc3 e6 8. O-O
Be7 9. Be3 Qc7 10. b3 Ne5 11. Rc1 Nxd3 12. Qxd3 Qa5 13. Nde2 Bd7 14. b4 Qh5 15.
Ng3 Qg6 16. f4 O-O 17. f5 Qg4 18. Rf4 Qg5 19. h4 Qxg3 20. Ne2 Qxf4 21. Bxf4 e5
22. Bd2 Bc6 23. Nc3 Rfc8 24. a4 h6 25. Qe2 Nh7 26. b5 axb5 27. axb5 Bd7 28. Nd5
Bd8 29. Bb4 Bxb5 30. Bxd6 Ra4 31. Qb2 Bc6 32. Bxe5 Bxd5 33. cxd5 Rxc1+ 34. Qxc1
Rxe4 35. Bd6 Bb6+ 36. Kf1 Nf6 37. Qc8+ Kh7 38. Qxb7 Ba5 39. Qxf7 Re1+ 40. Kf2
Ne4+ 41. Kf3 Nxd6 42. Qg6+ Kg8 43. Qxd6 Rf1+ 44. Kg4 Kh7 45. Qg6+ Kg8 46. d6
Re1 47. d7 Rd1 48. f6 Rxd7 49. Qe8+ Kh7 50. Qxd7 1-0

[Event "XIX Open Ricciardi"]
[Site "Gallarate ITA"]
[Date "2015.06.09"]
[Round "4"]
[White "Belli, Alessandro"]
[Black "Alessandro, Sergio"]
[WhiteElo "1511"]
[BlackElo "1666"]
[Result "0-1"]
[PlyCount "54"]
[EventDate "2015.05.19"]

1. e4 c5 2. Nf3 d6 3. d4 cxd4 4. Nxd4 Nf6 5. Nc3 a6 6. Be2 b5 7. a3 Bb7 8. f3
Nbd7 9. O-O e6 10. Bg5 Be7 11. Qe1 Qb6 12. Qf2 h6 13. Be3 Qc7 14. Bd3 Rc8 15.
Rac1 Ne5 16. Nde2 Nc4 17. Bxc4 Qxc4 18. Ng3 b4 19. axb4 Qxb4 20. Rb1 O-O 21.
Bd2 Qc5 22. Qxc5 Rxc5 23. Be3 Rc4 24. Rbc1 Rfc8 25. Rf2 Nd7 26. Rd2 Rb4 27. Rb1
Rxc3 0-1